Budapest Metro Stations - Statistics

General Stats
  • This quiz has been taken 1,776 times
    1,660 since last reset
  • The average score is 33 of 48
Answer Stats
Line Answer % Correct
M1,M2,M3 Deák Ferenc tér
92%
M2,M4 Keleti pályaudvar
89%
M2 Déli Pályaudvar
85%
M2 Astoria
82%
M4 Kelenföld vasútállomás
81%
M3 Nyugati Pályaudvar
81%
M1 Oktogon
81%
M1 Hősök tere
80%
M3,M4 Kálvin tér
80%
M2 Blaha Lujza tér
79%
M2 Örs vezér tere
79%
M3 Kőbánya-Kispest
78%
M1 Mexikói út
78%
M2 Széll Kálmán tér
76%
M2 Kossuth Lajos tér
75%
M2 Pillangó utca
74%
M2 Puskás Ferenc Stadion
74%
M3 Semmelweis Klinikák
71%
M3 Újpest-központ
71%
M1 Vörösmarty tér
71%
M1 Opera
70%
M3 Ferenciek tere
68%
M4 Bikás park
66%
M3 Corvin-negyed
66%
M4 II. János Pál pápa tér
66%
M3 Népliget
66%
M3 Arany János utca
65%
M4 Szent Gellért tér - Műegyetem
65%
M2 Batthyány tér
64%
M4 Móricz Zsigmond körtér
64%
M4 Fővám tér
63%
M4 Rákóczi tér
63%
M4 Újbuda-központ
63%
M3 Újpest-városkapu
63%
M3 Göncz Árpád városközpont
62%
M3 Lehel tér
62%
M3 Határ út
61%
M3 Nagyvárad tér
60%
M3 Pöttyös utca
60%
M1 Széchenyi fürdő
60%
M1 Kodály körönd
56%
M1 Vörösmarty utca
54%
M1 Bajza utca
53%
M3 Ecseri út
51%
M3 Dózsa György út
49%
M1 Bajcsy-Zsilinszky út
48%
M3 Gyöngyösi utca
46%
M3 Forgách utca
45%
No matching quizzes found
Score Distribution
Percent of People with Each Score
Percentile by Number Answered
Your Score History
You have not taken this quiz since the last reset